header

On Freud's "Inhibitions, symptoms and anxiety" (Record no. 57217)

MARC details
000 -LEADER
fixed length control field 01562nam a2200373 a 4500
245 00 - TITLE STATEMENT
Title On Freud's "Inhibitions, symptoms and anxiety"
260 ## - PUBLICATION, DISTRIBUTION, ETC. (IMPRINT)
Place of publication London :
Name of publisher Karnac Books,
Year of publication 2013.
300 ## - PHYSICAL DESCRIPTION
Number of Pages xiii, 266 p.
490 1# - SERIES STATEMENT
Series statement Contemporary Freud : turning points and critical issues
505 0# - FORMATTED CONTENTS NOTE
Formatted contents note pt. 1. "Inhibitions, symptoms and anxiety (1926d) -- pt. 2. Discussion of "Inhabitions, symptoms and anxiety".
650 #0 - SUBJECT ADDED ENTRY--TOPICAL TERM
Topical Term Anxiety.
Topical Term Neuroses.
Topical Term Psychoanalysis.
700 1# - ADDED ENTRY--PERSONAL NAME
Personal name Arbiser, Samuel.
Personal name Schneider, Jorge.
Personal name Saragnano, Gennaro.
856 40 - ELECTRONIC LOCATION AND ACCESS
Uniform Resource Identifier http://site.ebrary.com/lib/rucke/Doc?id=10674729

No items available.

© 2026 Rongo University
Contact us: librarian | system librarian | Rongo university